Aeres Zhou

N/A


Categories

RMP - World Mythology16007568100.5711
RMP - Philosophy1400553885.6001
Literature - British3000451637.3312
RMP - Greco-Roman Mythology2100403160.6712
Literature - World and Miscellaneous2100405766.0001
History - American2000301637.0000
Science - Physics0300305591.0000
Literature - American1000154848.0001
History - World1000155151.0000
Geography - Europe1000155656.0000
RMP - Hebrew Bible1000157474.0000
Other - Other Academic and General Knowledge1000152929.0011
Social Science - Psychology0100107575.0000
Fine Arts - Miscellaneous0100106464.0001
Fine Arts - Music0100109696.0000
Literature - European0100108787.0000
RMP - Christian Practice010010116116.0000
RMP - East Asian Religion010010133133.0000
RMP - Hinduism0100108383.0000
RMP - Islam0100109090.0000
Science - Astronomy0100109797.0000
Science - Chemistry0100107878.0000
Science - Computer Science010010118118.0000
Social Science - Linguistics0100109191.0000
Current Events - World010010140140.0000
RMP - Other Religion000000.0000
Science - Math000000.0000
Science - Biology000000.0000
History - European000000.0000
Social Science - Other000000.0000

Buzzes

History - AmericanWest Point2016
Literature - BritishErnest2016
Other - Other Academic and General Knowledgesumo wrestling2029
Literature - BritishSir Arthur Conan Doyle2030
RMP - Greco-Roman MythologyDido2031
RMP - PhilosophyBertrand Russell2038
History - WorldUnited Kingdom041
RMP - World Mythologybows043
RMP - Islamalmsgiving044
Literature - AmericanWalden Pond2048